The instant mortgage-equity technique

Bibliographic Details
Main Author: Johnson, Irvin E. (Author)
Format: Book
Language:English
Published: Lexington : Lexington Books 1972
Subjects:

MARC

LEADER 00000cam a2200000 7i4500
001 0000009472
005 20241004.0
008 010802 maua eng
020 |a 0669847496 
040 |a INS   |b eng   |e rda 
090 0 0 |a HD1387   |b .J64 1972 
100 1 |a Johnson, Irvin E. ,   |e author 
245 1 4 |a The instant mortgage-equity technique   |c Irvin E. Johnson 
264 1 |a Lexington :   |b Lexington Books   |c 1972 
300 |a xii, 374 pages :   |b illustrations ;   |c 24 cm. 
336 |a text  |2 rdacontent 
337 |a unmediated  |2 rdamedia 
338 |a volume  |2 rdacarrier 
500 |a Includes index 
650 0 |a Real property   |x Valuation 
999 |a 0000022900   |b BOOK   |c Open Shelf   |e Default branch